Swissgerman Words - Statistiken

Allgemein
  • Dieses Quiz wurde 5 mal gespielt
  • Das Durchschnittsergebnis liegt bei 8 aus 16
Antwortstatistiken
Hint Antwort % Korrekt
phone / Mobiltelefon Handy
75%
Butter Anke
50%
probably / wahrscheinlich äuä
50%
work / arbeiten bügle
50%
cow / Kuh Chue
50%
boys / Jungs Giele
50%
Cookie / Keks Güezi
50%
ladybug / Marienkäfer Himmugüegeli
50%
a piece of bread / ein Brodstück Ligu Lehm
50%
End bit of the bread / Brotanschnitt Mürggu
50%
Skischool / Skischule Schischu
50%
ice scating / Schlittschuhlaufen Schlööfle
50%
to browse around / herumstöbern schnöigge
50%
Soccer / Fussball Schutte
50%
chewing gum / Kaugummi Chätschi
25%
go for a drink / etwas trinken gehen eis ga zieh
25%
Keine übereinstimmenden Quizze gefunden
Verteilung der Resultate
Anzahl Personen mit jedem Resultat
Perzentil nach korrekt beantworteten Fragen
Ihre Resultats-Entwicklung
Sie haben dieses Quiz noch nicht gespielt